| 000 | 01246nam a2200301 a 4500 | ||
|---|---|---|---|
| 001 | 000017591 | ||
| 005 | 20240524204944.0 | ||
| 008 | 100329s2010 dr r 000 0 spa d | ||
| 020 | _a9789945140712 | ||
| 040 |
_aDO-SdBNP _bspa _cBNPHU |
||
| 082 |
_a340.097293 _bP592d, 2010 |
||
| 100 | 1 |
_aPichardo, Rafael Luciano _938362 |
|
| 245 | 1 | 0 |
_aDe las astreintes y otros escritos / _cRafael Luciano Pichardo ; prólogo Abel Rodríguez del Orbe. |
| 250 | _a2a ed. rev. | ||
| 260 |
_aSanto Domingo : _bCorripio, _c2010. |
||
| 300 |
_a536 p. ; _c24 cm. |
||
| 504 | _aIncluye referencias bibliográficas y notas al pie de las páginas | ||
| 590 | _aInventariado, 2018/BT | ||
| 650 | 4 |
_aDerecho _zRepública Dominicana _xEnsayos, conferencias, etc. _931111 |
|
| 650 | 4 |
_aDerecho constitucional _zRepública Dominicana _xEnsayos, conferencias, etc. _931112 |
|
| 650 | 4 |
_aDerecho penal _zRepública Dominicana _xEnsayos, conferencias, etc. _931113 |
|
| 650 | 4 |
_aDerecho civil _xLegislación _99313 |
|
| 650 | 4 |
_aRecursos (derecho) _910249 |
|
| 651 | 4 |
_aRepública Dominicana _xCorte Suprema De Justicia _911865 |
|
| 650 | 0 |
_aDerecho bancario _97013 |
|
| 700 | 1 |
_aRodríguez del Orbe, Abel, _epról. _921525 |
|
| 910 | _aValidado. Control de calidad. MMOLINA | ||
| 999 |
_c17116 _d17116 |
||